| 000 | 00407nam a2200169Ia 4500 | ||
|---|---|---|---|
| 008 | 210210b1955 xxu||||| |||| 00| 0 eng d | ||
| 041 | _aeng | ||
| 082 | _a920/39 | ||
| 100 | _aMUMFORD LEWIS | ||
| 245 | _aTechniques and civilization | ||
| 260 |
_aLondon _bRoutledge & Kegan Paul Ltd. _c1955 |
||
| 650 | _aTechniques | ||
| 650 | _acivilization | ||
| 650 | _aand | ||
| 690 | _aHistory | ||
| 906 | _a024781 | ||
| 999 |
_c150402 _d150402 |
||